01772nam a22003017a 4500020001800000082001800018245011000036246002600146250001800172260003600190300005500226504005100281520072200332563000901054610006001063650004301123650002301166650003501189650002601224650004001250650002801290650002401318650001801342650002301360650002401383700003701407730002601444 a9781260570090 a617.0076bSCH00aSchwartz's Principles of Surgery /cedited by F. Charles Brunicardi, Dana K. Anderson [and seven others].3 aPrinciples of surgery a11th Edition. aNew York :bMcGraw-Hill,c2019. a2 volumes :c28 cm.billustrations (some color) ;  aIncludes bibliographical references and index. aBased on general surgery's cornerstone text, Schwartz's Principles of Surgery, this unmatched study guide provides everything you need to ace your exams, whether you're a medical student, a resident, or a practicing surgeon seeking recertification. Developed by some of the top minds in modern surgery, Schwartz's Principles of Surgery ABSITE and Board Review delivers the most current, authoritative perspectives on surgical practice. The board-style practice questions are accompanied by answers and comprehension-building rationales, ensuring a complete understanding of the material. Featuring hundreds of illustrations, photos, and tables, this is a resource for certification and recertification example review. aHBK.20aAmerican Board of Surgery vStudy guides.xExaminations 0aSurgeryvExaminations, questions, etc. 0aSurgery, Operative 0aSurgical Procedures, Operative 0aExamination Questions 6aChirurgievExamens, questions, etc. 6aChirurgie opératoire. 7aExaminations 2fast 7aSurgery2fast 7aExaminations2fast 7aStudy guides 2fast1 aBrunicardi, F. Charles,eeditor. aPrinciples of surgery